Lin-Manuel Miranda Movies - Statistics

General Stats
  • This quiz has been taken 97 times
    80 since last reset
  • The average score is 5 of 24
Answer Stats
Hint Answer % Correct
2020 Hamilton
97%
2021 In the Heights
83%
2016 Moana
72%
2021 Encanto
71%
2021 Vivo
46%
2018 Mary Poppins Returns
36%
2021 tick, tick...Boom!
32%
2023 The Little Mermaid
28%
2012 The Odd Life of Timothy Green
7%
2021 West Side Story
7%
2013 200 Cartas
6%
2017 Speech and Debate
6%
1996 Clayton's Friends
4%
2015 Star Wars: The Force Awakens
4%
2019 Star Wars: The Rise of Skywalker
4%
2012 Freestyle Love Supreme
1%
2013 Looking for Maria Sanchez
1%
2021 Neptune Frost
1%
TBD Aristotle and Dante Discover the Secrets of the Universe
0%
2019 My Favorite Shapes by Julio Torres
0%
2018 Ralph Breaks the Internet
0%
TBD The Kingkiller Chronicle
0%
TBD The Making Of
0%
2014 This American Life: One Night Only at BAM
0%
No matching quizzes found
Score Distribution
Percent of People with Each Score
Percentile by Number Answered
Your Score History
You have not taken this quiz since the last reset